01268nam a22002657a 450000500170000000800410001702000300005802000250008805000230011310000300013624501740016625000110034026001040035130000280045549000760048350400320055965000430059165000420063465000360067670000480071270000400076094200130080099900190081395201700083220240701135907.0231204b mx |||||||| |||| 00| 0 spa d a9786070311062 (siglo xxi) a9786078508952 (CIDE)04aHN120.Z9bI56 20201 aCabrero Mendoza, Enrique.10aMéxico frente a la sociedad del conocimientob : la difícil transiciónc / Enrique Cabrero Mendoza, Víctor G. Carrerón Rodríguez, Miguel A. Guajardo Mendoza. a1a ed. aMéxico :bSiglo xxi editores México :bCentro de Investigación y Docencia Económica,c2020. a274 p. :bil. ;c21 cm.0 aColección economía y demografíaaCiencia, tecnología y sociedad aBibliografía : p. 253-266 4aSociedad de la informaciónzMéxico 4aEconomía del conocimientozMéxico 4aTecnología y estadozMéxico1 aCarrerón Rodríguez, Víctor G.,eautor1 aGuajardo Mendoza, Miguel A.,eautor 2lcccLIB c113306d113306 102lcc4070aUCIHbUCIHcGENERALd2024-07-01eDGB-GENERADOf1a ed.kCSAl0oHN120.Z9 I56 2020pBCU000025094r2024-07-01 14:52:27t1v686.00yLIBzTurismo sostenible